00441 a2200133 4500020001800000050002000018100002800038245009500066264004500161300004200206500001900248650002300267650001700290 a9781509876167 aBF637. FLE 2019 aFletcher, Emilyeauthor aStress less, accomplish more : bmeditation for extraordinary performance/cEmily Fletcher aLondon:bBluebird books for life.,c2019 axx, 252 pages : illustrations ; 24 cm aIncludes index aStress management. a Meditation.